Chanson à trous : Mulan - Comme un homme - Statistiques

Statistiques générales
  • Ce quiz a été pris 471 fois
  • Le résultat moyen est 15 sur 17
Statistiques - réponses
Couplets Comme un homme - Mulan % Correct
17 Je ne peux Faire de vrais {hommes} de vous
100%
4 Je saurai Faire de vrais {hommes} de vous
100%
8 Je saurai Faire de vrais {hommes} de vous
100%
1 Attaquons {l}'{exercice} Pour défaire les Huns
95%
2 M'ont-ils donné leurs {fils} ? Je n'en vois pas un
95%
3 Vous êtes plus fragiles que des {fillettes} Mais jusqu'au bout et coup par coup
93%
7 Vous n'êtes qu'une bande de {femmelettes} Mais envers et contre tout
92%
10 Je n'aurais pas dû sécher les {cours} {de} {gym} Ce gars-là leur flanque les foies
91%
13 Sois plus ardent que le feu des {volcans} Secret comme les nuits de lune de l'orient
90%
5 Comme la {flèche} qui vibre Et frappe en plein cœur
89%
12 Sois plus violent que le cours du torrent Sois plus puissant que les {ouragans}
89%
14 Les jours passent et les Huns Ne sont {plus} {très} {loin}
88%
16 Vous n'serez jamais vaillants et {forts} Comme des hommes, rentrez chez vous
86%
6 En trouvant {l}'{équilibre} Vous serez vainqueurs
85%
15 Suivez bien mon chemin Vous vivrez {demain}
84%
9 J'aurais dû me mettre au régime Salue {tous} {mes} {amis} pour moi
80%
11 Et s'ils voyaient la fille en moi ? Je suis tout en âge, mais {nager}, je n'sais pas
75%
Aucun quiz correspondant
Distribution des résultats
% des personnes avec chaque résultat
Percentile par nombre de réponses
Votre historique - résultats
Vous n’avez pas pris ce quiz